Politics in South Africa : from Mandela to Mbeki / (Record no. 2251)

MARC details
000 -LEADER
fixed length control field 02674cam a2200433 a 4500
001 - CONTROL NUMBER
control field ocm52205099
003 - CONTROL NUMBER IDENTIFIER
control field TZ-ArACH
005 - DATE AND TIME OF LATEST TRANSACTION
control field 2013051309059.0
008 - FIXED-LENGTH DATA ELEMENTS--GENERAL INFORMATION
fixed length control field 030527s2003 inu b s001 0 eng d
010 ## - LIBRARY OF CONGRESS CONTROL NUMBER
LC control number 2003389258
020 ## - INTERNATIONAL STANDARD BOOK NUMBER
International Standard Book Number 0864865058 (David Philip)
020 ## - INTERNATIONAL STANDARD BOOK NUMBER
International Standard Book Number 9780864865052 (David Philip)
020 ## - INTERNATIONAL STANDARD BOOK NUMBER
International Standard Book Number 0852558708 (James Currey)
020 ## - INTERNATIONAL STANDARD BOOK NUMBER
International Standard Book Number 9780852558706 (James Currey)
035 ## - SYSTEM CONTROL NUMBER
System control number (OCoLC)52205099
040 ## - CATALOGING SOURCE
Original cataloging agency COF
Language of cataloging eng
Transcribing agency TZ-ArACH
Modifying agency DLC
-- OCLCQ
-- OCL
-- BAKER
-- NLGGC
-- BTCTA
-- YDXCP
-- OCLCG
-- EAU
-- P4I
-- GEBAY
-- ILU
-- BDX
041 ## - LANGUAGE CODE
Language code of text/sound track or separate title Eng
042 ## - AUTHENTICATION CODE
Authentication code lccopycat
043 ## - GEOGRAPHIC AREA CODE
Geographic area code f-sa---
049 ## - LOCAL HOLDINGS (OCLC)
Holding library TZAA
050 00 - LIBRARY OF CONGRESS CALL NUMBER
Classification number DT1971
Item number .L63
082 00 - DEWEY DECIMAL CLASSIFICATION NUMBER
Classification number 320.968/09/049
Edition number 22
100 1# - MAIN ENTRY--PERSONAL NAME
Personal name Lodge, Tom,
Dates associated with a name 1951-
9 (RLIN) 10193
245 10 - TITLE STATEMENT
Title Politics in South Africa : from Mandela to Mbeki /
Remainder of title from Mandela to Mbeki /
Statement of responsibility, etc Tom Lodge.
250 ## - EDITION STATEMENT
Edition statement [2nd ed.].
260 ## - PUBLICATION, DISTRIBUTION, ETC. (IMPRINT)
Place of publication, distribution, etc Bloomington :
Name of publisher, distributor, etc Indiana University Press,
Date of publication, distribution, etc 2003.
300 ## - PHYSICAL DESCRIPTION
Extent vi, 314 p. ;
Dimensions 24 cm.
500 ## - GENERAL NOTE
General note "An earlier and much shorter version of this book appeared in 1999 under a different title"--P. vi.
500 ## - GENERAL NOTE
General note Previously published: Cape Town : David Philip, 2002.
504 ## - BIBLIOGRAPHY, ETC. NOTE
Bibliography, etc Includes bibliographical references 300-308 and index.
505 0# - FORMATTED CONTENTS NOTE
Formatted contents note Prologue : Nelson Mandela : political saint in a new democracy -- The alliance in power : who rules South Africa? -- Regional government -- The RDP : delivery and performance -- Land reform -- Local government reform -- Municipal elections 2000 -- Countering corruption -- Democracy in a dominant party system -- Truth and reconciliation -- Civic movements and associational life -- The African renaissance -- The Mbeki presidency.
520 1# - SUMMARY, ETC.
Summary, etc "This insightful study, now completely revised and in its second edition, examines the pattern of politics that has emerged in South Africa under the Mandela and Mbeki administrations. In considering the changes brought about in power relations in the country since 1994, the book looks at, among other things, the shape of regional and local politics; land reform; the Truth and Reconciliation Commission; and the extent of political corruption. Further chapters consider the future prospects of South African democracy and provide assessments of both Nelson Mandela and his successor, Thabo Mbeki."--BOOK JACKET.
650 07 - SUBJECT ADDED ENTRY--TOPICAL TERM
Topical term or geographic name as entry element History 1994-2001.
9 (RLIN) 10194
651 #0 - SUBJECT ADDED ENTRY--GEOGRAPHIC NAME
Geographic name South Africa
General subdivision Politics and government
Chronological subdivision 1994-
9 (RLIN) 10195
651 #7 - SUBJECT ADDED ENTRY--GEOGRAPHIC NAME
Geographic name South Africa (country)
9 (RLIN) 10196
856 42 - ELECTRONIC LOCATION AND ACCESS
Materials specified Book review (H-Net)
Uniform Resource Identifier <a href="http://www.h-net.org/review/hrev-a0d0n5-aa">http://www.h-net.org/review/hrev-a0d0n5-aa</a>
942 ## - ADDED ENTRY ELEMENTS (KOHA)
Source of classification or shelving scheme Library of Congress Classification
Koha item type Books
Holdings
Home library Current library Shelving location Date acquired Full call number Barcode Koha item type
African Court on Human and Peoples' Rights Library African Court on Human and Peoples' Rights Library   13/05/2013 DT1971 .L63 10026924 Books

African Court on Human and Peoples' Rights | For Inquiries Contact » +255 272 510 510